|
|
|
|
| LEADER |
00000nam a2200000 i 4500 |
| 001 |
DIGTECANT0016 |
| 003 |
NyNyDIG |
| 007 |
cr ||||||||||| |
| 008 |
241202s2020 ck a ob 000 0 spa d |
| 006 |
m o d |
| 035 |
|
|
|a (OCoLC)1478204455
|
| 040 |
|
|
|a DGITA
|b eng
|e rda
|e pn
|c DGITA
|
| 020 |
|
|
|a 9789588628639
|q (versión digital)
|
| 020 |
|
|
|z 9789588628622
|q (versión impresa)
|
| 043 |
|
|
|a s-ck---
|
| 050 |
1 |
4 |
|a P51 ebook
|
| 100 |
1 |
|
|a Novikova, Olga Anatolyevna,
|e author.
|
| 245 |
1 |
0 |
|a Idiomas como un área significativa para la calidad universitaria :
|b semblanza de buenas prácticas /
|c autores, Olga Novikova [and 4 others].
|
| 250 |
|
|
|a Primera edición.
|
| 264 |
|
1 |
|a Medellín, Colombia:
|b Sello Editorial Tecnológico de Antioquia,
|c [2020]
|
| 300 |
|
|
|a 1 online resource :
|b illustrations.
|
| 336 |
|
|
|a text
|b txt
|2 rdacontent
|
| 337 |
|
|
|a computer
|b c
|2 rdamedia
|
| 338 |
|
|
|a online resource
|b cr
|2 rdacarrier
|
| 347 |
|
|
|a text file
|2 rdaft
|
| 347 |
|
|
|b PDF
|
| 504 |
|
|
|a Includes bibliographical references.
|
| 588 |
0 |
|
|a Online resource; title from PDF title page (Digitalia, viewed December 2, 2024)
|
| 650 |
|
0 |
|a Language and languages
|x Study and teaching (Higher)
|z Colombia
|z Antioquia (Department)
|
| 650 |
|
0 |
|a Education, Higher
|x Quality control.
|
| 791 |
2 |
|
|a Digitalia (Firm),
|e distributor.
|
| 793 |
0 |
|
|g Digitalia eBook Collection:
|a Tecnológico de Antioquia
|
| 776 |
0 |
8 |
|i Print version:
|a Novikova, Olga Anatolyevna.
|t Idiomas como un área significativa para la calidad universitaria.
|b Primera edición.
|d Medellín, Colombia: Sello Editorial Tecnológico de Antioquia, [2020]
|z 9789588628622
|
| 856 |
4 |
0 |
|3 Digitalia Hispánica
|u https://www.digitaliapublishing.com/a/159137/
|
| 910 |
|
|
|a Premium collection: 2024
|